000 00429nam a2200181Ia 4500
001 18305
005 20260306171621.0
008 260306s9999||||xx |||||||||||||| ||und||
041 _aESP
082 _a658.402
_bS29
100 _aSchemerhorn, John R.
_eAUT
245 0 _aComportamiento organizacional
260 _c2005
300 _a642 páginas :
_c21 cm.
650 _aGEN
654 _aCAN
942 _cLIB
_dJUS
_fJUS
_2ddc
_n
999 _c18305
_d18305